Open geometry : OpenGL + advanced geometry
Αποθηκεύτηκε σε:
| Κύριος συγγραφέας: | |
|---|---|
| Άλλοι συγγραφείς: | |
| Μορφή: | Βιβλίο |
| Γλώσσα: | English |
| Δημοσίευση: |
Berlin ; Heidelberg :
Springer,
c1999
|
| Θέματα: | |
| Ετικέτες: |
Προσθήκη ετικέτας
Δεν υπάρχουν, Καταχωρήστε ετικέτα πρώτοι!
|
MARC
| LEADER | 00000nam a2200000 i 4500 | ||
|---|---|---|---|
| 001 | 1/95671 | ||
| 008 | 991211s eng d | ||
| 020 | |a 0387985999 | ||
| 035 | |l 10055408 | ||
| 040 | |a GR-MY-UA |b gre |e aacr | ||
| 041 | 0 | |a eng | |
| 082 | 0 | |a 006.66 | |
| 100 | 1 | |a Glaeser, Georg. | |
| 245 | 1 | 0 | |a Open geometry : |b OpenGL + advanced geometry / |c Georg Glaeser, Hellmuth Stachel |
| 260 | |a Berlin ; Heidelberg : |b Springer, |c c1999 | ||
| 300 | |a xii, 377 p.; |b ill.; |c 24 cm.+ |e 1 computer laser optical disc (4 3/4 in.) | ||
| 504 | |a Includes bibliographical references and index | ||
| 630 | 0 | 0 | |a OpenGL. |
| 650 | 0 | 0 | |a Computer graphics. |
| 650 | 0 | 0 | |a Geometry |x Data processing. |
| 700 | 1 | |a Stachel, Hellmuth. | |
| 852 | |a INST |b SAMOS |e 19991211 |h 006.66 GLA |p 005300016462 |q 005300016462 |t BK |y 0 | ||
| 852 | |a INST |b SAMOS |e 19991211 |h 006.66 GLA |p 005300016275 |q 005300016275 |t BK |y 0 | ||
| 901 | |a BIBL3-1999-3 | ||
| 909 | |a Σ |b 070965 | ||
| 909 | |a Σ |b 070966 | ||
| 922 | |a 3ΕΛΗ |b 199911 |c ΤΠΕΣ |d ΠΑΠΑΣΩΤΗΡΙΟΥ | ||
| 970 | |a ΓΕΝΟΥΖΟΥ |b ΧΡΥΣΑΝΘΗ |z 1999/12/11 | ||